| 000 | 01646nam a22003977a 4500 | ||
|---|---|---|---|
| 003 | CHAP | ||
| 005 | 20220329143052.0 | ||
| 008 | 051130d2005 mx d r 00110 spa d | ||
| 010 | _a91479 | ||
| 011 | _a92451 | ||
| 020 | _a968020135X | ||
| 035 | _a103015 | ||
| 040 | _cCHAP | ||
| 082 | 0 | 4 |
_a332.4 _bP3 |
| 100 | 1 |
_aPalacio Muñoz, Víctor Herminio. _984796 |
|
| 245 | 1 | 3 |
_aLa perversión del capital y el sentido del cambio _c/por Victor H. Palacio Muñoz y Hector M. Mora Zebadúa |
| 260 |
_aChapingo, Méx. : _bUACH. Centro de Investigaciones Económicas, Sociales y Tecnologicas de la Agroindustria y la Agricultura Mundial, _c2005 |
||
| 300 |
_a130 p. : _bcuadros |
||
| 590 |
_aBATCH-UPD _b10 _c20130109 _lUCH01 _h2331 |
||
| 590 |
_aBATCH-UPD _b10 _c20130110 _lUCH01 _h1105 |
||
| 590 |
_aBATCH-UPD _b10 _c20130410 _lUCH01 _h0657 |
||
| 590 |
_aBATCH-UPD _b10 _c20130914 _lUCH01 _h0840 |
||
| 590 |
_aBATCH-UPD _b10 _c20190904 _lUCH01 _h1509 |
||
| 590 |
_aCONVERSION _b10 _c20130109 _lUCH01 _h1351 |
||
| 650 | 1 | 4 |
_aCapital en agricultura. _918710 |
| 650 | 1 | 4 |
_aCapital. _918709 |
| 700 | 0 |
_aMora Zebadúa, Héctor M. _978182 |
|
| 901 | _aBK | ||
| 905 | _aMarco A. Mendoza T. | ||
| 942 | _cLIBRO | ||
| 949 |
_a332.4 P3 _bBC _cLIBRO _d33724000967436 _eLIBRO _fc.2 _gDonaciØn _h107559 _i103015 _sb |
||
| 949 |
_a332.4 P3 _bBC _cLIBRO _d33724000967477 _eLIBRO _fc.3 _gDonaciØn _h107560 _i103015 _si |
||
| 949 |
_a332.4 P3 _bBC _cLIBRO _d33724000967485 _eLIBRO _fc.4 _gDonaciØn _h107561 _i103015 _si |
||
| 949 |
_a332.4 P3 _bBC _cLIBRO _d33724002023835 _eLIBRO _fc.5 _gDonaciØn _h108536 _i103015 _sb |
||
| 949 |
_a332.4 P3 _bBC _cUACH _d1030151 _eUACH _gDonaciØn _h107558 _i103015 _sb |
||
| 999 |
_c91479 _d91479 |
||